Can you name all the brands owned by coca cola - Statistics

General Stats
  • This quiz has been taken 54 times
  • The average score is 6 of 22
Answer Stats
Hint Answer % Correct
n/a Sprite
87%
n/a Coca Cola
85%
n/a Fanta
80%
n/a Dietcoke
70%
n/a Coca Cola energy
46%
n/a Coca Cola Zero sugar
46%
n/a DrPepper
35%
n/a Powerade
22%
n/a Schweppes
17%
n/a Schweppes 1783
17%
n/a Schweppes abbey well
17%
n/a Fuzetea
13%
n/a Oasis
4%
n/a Oasis Aquashock
4%
n/a Costa coffee
2%
n/a Glaceau smartwater
2%
n/a Glaceau vitaminwater
2%
n/a Lilt
2%
n/a Appletiser
0%
n/a Aquarius
0%
n/a Honest organic
0%
n/a Rose's
0%
No matching quizzes found
Score Distribution
Percent of People with Each Score
Percentile by Number Answered
Your Score History
You have not taken this quiz